| 000 | 00572nam a22001937a 4500 | ||
|---|---|---|---|
| 999 |
_c17738 _d17738 |
||
| 003 | AR-CdUCM | ||
| 008 | 190509b ||||| |||| 00| 0 spa d | ||
| 040 |
_aMUNICIPALIDAD PROVINCIAL DEL CUSCO _cBIBLIOTECA MUNICIPAL DEL CUSCO |
||
| 082 |
_22ed. _a868.69 / _bV23 |
||
| 100 |
_aValle Inclan, Ramon del _929497 |
||
| 245 |
_aMartes de carnaval : _bEsperpentos / |
||
| 260 |
_aBuenos Aires : _bLosada, _c1950. |
||
| 300 |
_a262 paginas ; _c19 cm. |
||
| 500 | _aNovela | ||
| 650 |
_aNovela _95 |
||
| 650 |
_aHistoria _9136 |
||
| 942 |
_2ddc _cLIBROS |
||
| 945 |
_apjha _d2019-05-09 |
||